GORDIS EPIDEMIOLOGY (Record no. 20845)

MARC details
000 -LEADER
fixed length control field 00337nam a22001577a 4500
003 - CONTROL NUMBER IDENTIFIER
control field SGT
020 ## - INTERNATIONAL STANDARD BOOK NUMBER
International Standard Book Number 978-8131261828
082 ## - DEWEY DECIMAL CLASSIFICATION NUMBER
Classification number 614
Item number G20D
100 ## - MAIN ENTRY--PERSONAL NAME
Personal name DAVID D. CELENTANO
245 ## - TITLE STATEMENT
Title GORDIS EPIDEMIOLOGY
250 ## - EDITION STATEMENT
Edition statement 6TH
260 ## - PUBLICATION, DISTRIBUTION, ETC. (IMPRINT)
Place of publication, distribution, etc NEW DELHI
Name of publisher, distributor, etc ELSEVIER
Year of Publication 2020
300 ## - PAGE DESCRIPTION
No. of Pages 1-420
650 ## - SUBJECT ADDED ENTRY--TOPICAL TERM
Topical term or geographic name as entry element EPIDEMIOLOGY
942 ## - ADDED ENTRY ELEMENTS (KOHA)
Source of classification or shelving scheme Dewey Decimal Classification
Koha item type Books
Holdings
Withdrawn status Lost status Source of classification or shelving scheme Damaged status Not for loan Home library Current library Shelving location Date acquired Vendor Name Cost, normal purchase price SGTU Bill Number Total Checkouts Full call number Accession No. (Barcode) Date last seen Bill Date Koha item type
    Dewey Decimal Classification     SGT Dental Library SGT Dental Library Reference Book 02/03/2021 AHUJA BOOK COMPANY 2095.00 SGTU 12616   614 G20D FD8149 02/03/2021 27/01/2021 Books
    Dewey Decimal Classification     SGT Dental Library SGT Dental Library Reference Book 02/03/2021 AHUJA BOOK COMPANY 2095.00 SGTU 12616   614 G20D FD8150 02/03/2021 27/01/2021 Books